Taco Hemingway Dyskografia - Statystyki

Ogólne statystyki
  • Ten quiz został rozwiązany 971 razy
  • Średni wynik to 8 z 11
Statystyki odpowiedzi
Rok Płyty % Poprawnych
2014 Taco Hemingway - Trójkąt Warszawski
94%
2016 Taco Hemingway - Marmur
92%
2018 Taco Hemingway - Cafe Belga
91%
2017 Taco Hemingway - Szprycer
88%
2015 Taco Hemingway - Umowa O Dzieło
82%
2016 Taco Hemingway - Wosk
80%
2018 Taco Hemingway - Flagey EP
72%
2018 TACONAFIDE - Soma 0.5 mg
68%
2013 Taco Hemingway - Young Hems
65%
2018 TACONAFIDE - Soma 0.25 mg
65%
2011 FoodVilian - Who Killed JFK?
38%
Nie znaleziono quizów pasujących do podanych kryteriów
Rozkład punktacji
Procent ludzi z każdym wynikiem
Percentyl według liczby udzielonych odpowiedzi
Twoja historia wyników
Nie rozwiązałeś tego quizu